LEADER 01321nas 2200409-a 450 001 996206538903316 005 20160504034728.9 011 $a0815-4562 035 $a(OCoLC)212421178 035 $a(CKB)991042730733410 035 $a(CONSER)--2008263150 035 $a(EXLCZ)99991042730733410 100 $a20080229a19849999 ba- - 101 0 $aeng 135 $aur||||||||||| 181 $ctxt$2rdacontent 182 $cc$2rdamedia 183 $acr$2rdacarrier 200 10$aReport to Parliament /$fAustralian Security Intelligence Organization 210 $aCanberra $cAustralian Govt. Pub. Service 517 1 $aASIO report to Parliament 517 1 $aAustralian Security Intelligence Organization report to Parliament 606 $aIntelligence service$zAustralia$vPeriodicals 606 $aInternal security$zAustralia$vPeriodicals 606 $aIntelligence service$2fast$3(OCoLC)fst00975848 606 $aInternal security$2fast$3(OCoLC)fst00976624 607 $aAustralia$2fast 608 $aPeriodicals.$2fast 615 0$aIntelligence service 615 0$aInternal security 615 7$aIntelligence service. 615 7$aInternal security. 676 $a327.1/294 906 $aJOURNAL 912 $a996206538903316 996 $aReport to Parliament$92133965 997 $aUNISA